000 00366nam a22001457a 4500
005 20160521121227.0
008 160521b xxu||||| |||| 00| 0 eng d
041 _aeng
082 _b3742
245 _aUniversal Engineering Q.B. (Digital Signal Processing)
260 _bDeepak Prakashan
_c2003
300 _a200
650 _aDIPLOMA ENGINEERING
_9817
942 _cBK
999 _c1298
_d1298